书目信息 |
| 题名: |
阅读的力量
|
|
| 作者: | 富里迪 著 ;徐弢 , 李思凡 译 | |
| 分册: | ||
| 出版信息: | 北京 北京大学出版社 2020.11 |
|
| 页数: | 327页 | |
| 开本: | 21cm | |
| 丛书名: | ||
| 单 册: | ||
| 中图分类: | G252.17 | |
| 科图分类: | ||
| 主题词: | 阅读--yue du--文化研究 | |
| 电子资源: | ||
| ISBN: | 978-7-301-31672-6 | |
| 000 | 01344nam0 2200313 450 | |
| 001 | CAL 012020399703 | |
| 005 | 20201218091109.7 | |
| 010 | @a978-7-301-31672-6@dCNY58.00 | |
| 099 | @aCAL 012020399703 | |
| 100 | @a20201214d2020 em y0chiy0120 ea | |
| 101 | 1 | @achi@ceng |
| 102 | @aCN@b110000 | |
| 105 | @ay a 000yy | |
| 106 | @ar | |
| 200 | 1 | @a阅读的力量@Ayue du de li liang@e从苏格拉底到推特@f(英) 弗兰克·富里迪著@d= Power of reading@efrom Socrates to Twitter@fFrank Furedi@g徐弢, 李思凡译@zeng |
| 210 | @a北京@c北京大学出版社@d2020.11 | |
| 215 | @a327页@d21cm | |
| 314 | @a弗兰克·富里迪, 英国肯特大学社会学荣休教授, 伦敦大学学院访问教授。徐弢, 武汉大学哲学学院教授, 中国宗教学会理事。李思凡, 哲学博士, 武汉学院通识教育课部副教授。 | |
| 320 | @a有书目 (第301-316页) | |
| 330 | @a本书共分为八部分, 主要内容包括: 读写能力的文化矛盾、寻求意义的阅读、阅读民主化与读者的增长、启蒙运动: 一场读者革命、威特的影响: 阅读的风险等。 | |
| 500 | 10 | @aPower of reading : from Socrates to Twitter@mChinese |
| 517 | 1 | @a从苏格拉底到推特@Acong su ge la di dao tui te |
| 606 | 0 | @a阅读@Ayue du@x文化研究 |
| 690 | @aG252.17@v5 | |
| 701 | 1 | @a富里迪@Afu li di@g(Furedi, Frank),@f1947-@4著 |
| 702 | 0 | @a徐弢@Axu tao@4译 |
| 702 | 0 | @a李思凡@Ali si fan@4译 |
| 801 | 0 | @aCN@b人天书店@c20201214 |
| 905 | @aTSG@b0000565@dG252.17@eF992@f2 | |
| 阅读的力量:从苏格拉底到推特/(英) 弗兰克·富里迪著= Power of reading:from Socrates to Twitter/Frank Furedi/徐弢, 李思凡译.-北京:北京大学出版社,2020.11 |
| 327页;21cm |
| ISBN 978-7-301-31672-6:CNY58.00 |
| 本书共分为八部分, 主要内容包括: 读写能力的文化矛盾、寻求意义的阅读、阅读民主化与读者的增长、启蒙运动: 一场读者革命、威特的影响: 阅读的风险等。 |
| ● |
| 相关链接 |
|
|
|
正题名:阅读的力量
索取号:G252.17/F992
 
预约/预借
| 序号 | 登录号 | 条形码 | 馆藏地/架位号 | 状态 | 备注 |
| 1 | 1535206 | 215352062 | 社科库409/409社科库 59排2列3层/ [索取号:G252.17/F992] | 在馆 | |
| 2 | 1535207 | 215352071 | 社科库409/409社科库 59排2列3层/ [索取号:G252.17/F992] | 在馆 |